书目信息 |
| 题名: |
采矿知识
|
|
| 作者: | ;北京钢铁学院采矿系 著 | |
| 分册: | ||
| 出版信息: | 北京 冶金工业出版社 1974 |
|
| 页数: | 516页 | |
| 开本: | 20cm | |
| 丛书名: | 冶金生产技术丛书 | |
| 单 册: | ||
| 中图分类: | TD80 | |
| 科图分类: | ||
| 主题词: | 矿山开采 | |
| 电子资源: | ||
| ISBN: | ||
| 000 | 00652nam0 2200217 450 | |
| 001 | 0654295612 | |
| 005 | 20060508150634.84 | |
| 010 | @dCNY1.35 | |
| 100 | @a20060508d1974 km y0chiy0120 ea | |
| 101 | 0 | @achi |
| 102 | @aCN@b110000 | |
| 200 | 1 | @a采矿知识@Acai kuang zhi shi@f北京钢铁学院采矿系著@Fbei jing gang tie xue yuan cai kuang xi zhu |
| 210 | @a北京@c冶金工业出版社@d1974 | |
| 215 | 1 | @a516页@d20cm |
| 225 | 2 | @a冶金生产技术丛书 |
| 410 | 0 | @12001 @a冶金生产技术丛书 |
| 606 | 0 | @a矿山开采 |
| 690 | @aTD80@v4 | |
| 711 | 0 | @a北京钢铁学院采矿系@Abei jing gang tie xue yuan cai kuang xi@4著 |
| 801 | 0 | @aCN@bPFT@c20060508 |
| 905 | @a10447@dTD80@e1 | |
| 采矿知识/北京钢铁学院采矿系著.-北京:冶金工业出版社,1974 |
| 516页;20cm.-(冶金生产技术丛书) |
| ISBN :CNY1.35 |
| ● |
| 相关链接 |
|
|
|
|
正题名:采矿知识
索取号:TD80/1
 
预约/预借
| 序号 | 登录号 | 条形码 | 馆藏地/架位号 | 状态 | 备注 |
| 1 | 0017546 | 202333493 | 密集书库/ [索取号:TD80/1] | 在馆 | |
| 2 | 0017547 | 202315002 | 密集书库/ [索取号:TD80/1] | 在馆 |